LEADER 03610nam a2200553 u 4500 001 000000019450 003 CaOOAMICUS 005 20070226110805.0 008 950321s1984 it acf u000 u ita u 035 $a10468056 040 $aIAR$bita 245 00$aTra latino e volgare :$bper Carlo Dionisotti /$ca cura di Gabriella Bernardoni Trezzini [et al.]. 260 $aPadova :$bAntenore,$c1984. 300 $a735 S. in 2 v., :$bPortrait im Vorsatz; Ill., Tafeln, ;$c25 cm 490 1 $aMedioevo e Umanesimo ;$v17-18 600 14$aDionisotti, Carlo,$d1908-1998.$0(OLS)http://pul/subject/13108 700 1 $aBernardoni Trezzini, Gabriella.$0(OLS)http://pul/name/17086 774 0 $aAquilecchia, Giovanni.$tPer l'attribuzione e il testo del "Lamento d'una cortigiana ferrarese"$w()92983 774 0 $aBerengo, Marino.$tPadova e Venezia alla vigilia di Lepanto$w()94558 774 0 $aBillanovich, Giuseppe.$tIl Petrarca e gli storici latini$w()94559 774 0 $aBillanovich, Guido.$tAppunti per la diffusione di Seneca tragico e di Catullo$w()94560 774 0 $aBosco, Umberto.$tUna tentata fuga da Recanati di Monaldo Leopardi$w()94561 774 0 $aBrambilla Ageno, Franca.$tPer l'edizione dei sonetti d Matteo Franco e di Luigi Pulci$w()94562 774 0 $aBranca, Vittore.$tIl metodo filologico del Poliziano in un capitolo della "Centuria Secunda"$w()94563 774 0 $aBrezzi, Paolo.$tAspetti del riformismo ecclesiastico e del rinnovamento spirituale cattolico nel secolo XV$w()94564 774 0 $aCampana, Augusto.$tDal Calmetta al Colocci : Testo nuovo di un wpicedio di P.F. Giustolo$w()94565 774 0 $aCaretti, Lanfranco.$tIl codice Gonzaga della "Liberata"$w()94566 774 0 $aContini, Gianfranco.$tIl cantare di Brancaleone da Faenza in un nuovo manoscritto$w()94567 774 0 $aCorti, Maria.$t"Strambotti a la Bergamasca" inediti del secolo XV : Per una storia della codificazione rusticale del Nord$w()94568 774 0 $aDe Robertis, Domenico.$tAntonio Manetti copista$w()94569 774 0 $aFirpo, Luigi.$tGirolamo Angeriano$w()94570 774 0 $aGarin, Eugenio.$tNote in margine all'opera di Filippo Beroaldo il Vecchio$w()94571 774 0 $aIsella, Dante.$t"Salutami tanto il maestro ... " : Lettere di T. Grossi e L. Rossari (1823-1837)$w()94572 774 0 $aMardersteig, Giovanni.$tFrancesco Torniello e il suo alfabeto romano$w()94573 774 0 $aMariotti, Scevola.$tCornelii Galli Hendecasyllabi$w()94574 774 0 $aMartellotti, Guido.$tStella difforme$w()94575 774 0 $aMenegazzo, Emilio.$tTre scritti di Alvise Cornaro (edizione con una nota introduttiva)$w()94576 774 0 $aMomigliano, Arnaldo.$tUn appunto di I. Casaubon dalle "Variae" di Cassiodor$w()94577 774 0 $aPozzi, Giovanni.$tAppunti sul "Corollarium" del Barbaro$w()94578 774 0 $aRaimondi, Ezio.$tIl primo commento umanistico a Lucrezio$w()94579 774 0 $aSegrè, Gino.$tLa prima redazione inedita di due satire dell'Ariosto$w()94580 774 0 $aTimpanaro, Sebastiano.$tNoterelle su Domizio Calderini e Pietro Giordani$w()94581 774 0 $aVenturi, Franco.$tDue francesi in Italia tra Sette e Ottocento$w()94582 830 0$aMedioevo e Umanesimo ;$v17-18.$0(OLS)http://pul/title/9971 850 $aPUL 852 $aPUL$W1$xDP1 Fondo Maccarrone$y58$m1510 G 12-13$j27321$nBK-PRI$b $qFondi$B27321$CPULBib$Z2$F27321 $H $81 941 1 $a1 996 $6245$aTra latino e volgare :$bper Carlo Dionisotti$9(OLS)http://pul/title/27551 996 $6260$aPadova :$bAntenore$9(OLS)http://pul/publisher/48020 LEADER 01527nam a2200325 i 4500 001 000000105237 003 CaOOAMICUS 005 20070524132135.0 008 070524s1994 it 000 0 ita c 020 $a88-311-3110-9 040 $aPUL$bita$dES 041 1 $aita$hgrc 100 0 $aGregorius Nyssenus,$cs.,$dc. 335-c. 394.$0(OLS)http://pul/name/3044 245 10$aSui titoli dei Salmi /$cGregorio di Nissa ; traduzione, introduzione e note a cura di Alberto Traverso. 260 $aRoma :$bCittà Nuova,$cc1994. 300 $a236 p. ;$c21 cm 490 1 $aCollana di testi patristici ;$v110 504 $aBibliografia in nota 700 1 $aTraverso, Alberto.$0(OLS)http://pul/name/64676 700 0 $aGregorius Nyssenus,$cs.,$dc. 335-c. 394.$tIn iscriptiones Psalmorum.$0(OLS)http://pul/nameTitle/339$0(OLS)http://pul/name/3044$0(OLS)http://pul/title/132395 830 0$aCollana di testi patristici ;$v110.$0(OLS)http://pul/title/17027 850 $aPUL 852 $aPUL$W1$xSL Cons. Gen., Altre Classi 1$y1$m2000 E 110$j117929$qStampati$B117858$CPULBib$Z2$F117858 $H71002 $82 900 $aGregorio di Nissa,$cs.,$dc. 335-c. 394$93044 900 $aGregorio di Nissa,$cs.,$dc. 335-c. 394$93044 900 $aCirillo,$cs., patriarca di Alessandria,$dm. 444$96195 941 1 $a8 996 $6020$a88-311-3110-9$9(OLS)http://pul/number/134493 996 $6245$aSui titoli dei Salmi$9(OLS)http://pul/title/132394 996 $6260$aRoma :$bCittà Nuova$9(OLS)http://pul/publisher/47927